EU 8c - Statistics

General Stats
  • This quiz has been taken 10 times
  • The average score is 10 of 22
Answer Stats
Hint Answer % Correct
Kuinka monta jäsenmaata käyttää euroja? 19
100%
EU:n alkuperäiset jäsenet Alankomaat
100%
EU:n alkuperäiset jäsenet Belgia
100%
EU:n alkuperäiset jäsenet Italia
100%
EU:n alkuperäiset jäsenet Ranska
100%
EU:n alkuperäiset jäsenet Saksa
100%
Mitkä maat ovat EU:n jäsen ehdokkaita? Albania
80%
EU:n alkuperäiset jäsenet Luxemburg
80%
Mitkä maat ovat EU:n jäsen ehdokkaita? Turkki
80%
Mitkä maat ovat EU:n jäsen ehdokkaita? Montenegro
60%
Mitkä maat ovat EU:n jäsen ehdokkaita? Serbia
60%
Mitkä maat eivät ole vielä täyttäneet EU:n jäsenyysehtoja? Kosovo
40%
Kuka arvioi jäsenhakemuksia Euroopan komissio
20%
Mitkä maat ovat EU:n jäsen ehdokkaita? Pohjois-Makedonia
20%
Mitkä maat eivät ole vielä täyttäneet EU:n jäsenyysehtoja? Bosnia ja Hertsegovina
0%
Millaista tukea ehdokas maat saavat liittymisestä? hallinnollista tukea
0%
Kuka voi hakea EU-jäsenyyttä? jokainen maa, joka täyttää jäsenyysehdot
0%
Millä nimellä näitä ehtoja kutsutaan? Kööpenhaminan arviointiperusteiksi
0%
Minkälainen prosessi on EU:hun liittyminen? monivaiheinen ja pitkäkestoinen
0%
Millaista tukea ehdokas maat saavat liittymisestä? taloudellista tukea
0%
Mitä käsite EMU tarkoittaa? Talous- ja rahaliittoa
0%
Millaista tukea ehdokas maat saavat liittymisestä? teknistä tukea
0%
No matching quizzes found
Score Distribution
Percent of People with Each Score
Percentile by Number Answered
Your Score History
You have not taken this quiz